Polskie podręczniki szkolne do nauki historii
| Titel: | Polskie podręczniki szkolne do nauki historii : dzieje edycji w czasach zaborów 1795-1918 / Krzysztof Walczak ; Uniwersytet Kaliski im. prezydenta Stanisława Wojciechowskiego. Instytut Interdyscyplinarnych Badań Historycznych |
|---|---|
| Verfasser: | |
| Veröffentlicht: | Kalisz : Kaliskie Towarzystwo Przyjaciół Nauk, 2025 |
| Umfang: | 671, [1] Seiten : Illustrationen ; 25 cm |
| Format: | Buch |
| Sprache: | Polnisch |
| ISBN: | 9788366777385 ; 8366777383 |
alg: 54140016 001A $03004:16-01-26 001B $03004:10-02-26 $t15:36:51.000 001D $03004:16-01-26 001U $0utf8 001X $00 002@ $0Aau 002C $aText $btxt $2rdacontent 002D $aohne Hilfsmittel zu benutzen $bn $2rdamedia 002E $aBand $bnc $2rdacarrier 003@ $0541400169 003O $01569030038 $aOCoLC 004A $A978-83-66777-38-5 $foprawa twarda 004A $083-66777-38-3 007A $01948645610 $aKXP 010@ $apol 010E $erda 011@ $a2025 $n2025 021A $aPolskie podręczniki szkolne do nauki historii $ddzieje edycji w czasach zaborów 1795-1918 $hKrzysztof Walczak ; Uniwersytet Kaliski im. prezydenta Stanisława Wojciechowskiego. Instytut Interdyscyplinarnych Badań Historycznych 027A $aDzieje edycji w czasach zaborów 1795-1918 028A $BVerfasser $#Walczak, Krzysztof Jan $4aut $7124844502 $8Walczak, Krzysztof$Z1950- [Tp1] $9155450115 033A $pKalisz $nKaliskie Towarzystwo Przyjaciół Nauk 034D $a671, [1] Seiten 034I $a25 cm 034M $aIllustrationen 037A $aBibliografie auf Seiten 584-631 044A $aHistory $S#0 $xStudy and teaching $zPoland $zHistory $N650 044K $RPolen-Litauen $RKongresspolen $RWestgalizien $RStaat Krakau $#Generalgouvernement Polen $#Polska $#Rzeczpospolita Polska $#Polska Rzeczpospolita Ludowa $#Poland $#Pologne $#République Polonaise $#Generalne Gubernatorstwo w Polsce $#Polish People's Republic $#Polska Rzeczpospolita Polen $#PRL $#RP $#Polen Generalgouvernement $#Polska Generalgouvernement $#Besetzte Polnische Gebiete $#Besetztes Gebiet in Polen $#Okupowane Polskie Obszary $#Obszary Okupowane w Polsce $#Volksrepublik Polen $#Polska Rosyjska $#Republic Polen $#Respublika Pol'ša $#Pol'skaja Narodnaja Respublika $#République de Pologne $#Polen Links der Weichsel $#Polska po Lewej Stronie Wisły $#Lenkija $#Polija $#Gubernija Carstva Pol'skago $#Republik Polen $74046496-9 $8Polen [Tg1] $9085129801 044K $#Galizien (Osteuropa) $#Galicja $#Galicija $#Galizien und Lodomerien $#Königreich Galizien $#Provinz Galizien $#Halyčyna $#Galiitsia $#Galīcija $#Galičina $#Halič $#Галичина $#Галиция $74019124-2 $8Galizien [Tg1] $9085045411 044K $RFach $#Unterrichtsfach $#Disziplin Unterrichtsfach $#Fächerkanon Schule $#Schulfach $#Lehrfach Unterrichtsfach $#Unterrichtsfächer $#Fach Unterricht $74062009-8 $8Unterrichtsfach [Ts1] $9085172464 044K $RGeschichtsphilosophie $RVergangenheit $#History $#Histoire $#Storia $#history $#History $#Geschichte $#Landesgeschichte $#Regionalgeschichte $#Ortsgeschichte $#Zeitgeschichte $74020517-4 $8Geschichte [Tsz] $9085049352 044K $RBildungsplanung $RCurriculum $RHeimlicher Lehrplan $RStoffverteilungsplan $#Education Curricula $#Programmes d'études $#Programas de estudio $#curriculum $#Lehrplan $#Lehrplan $#Bildungsplan Lehrplan $#Rahmenrichtlinie Formschlagwort $#Lehrpläne $74035117-8 $8Lehrplan [Ts1] $9085094706 044K $RLehr- und Lernressource $RLehrbuch $#Textbooks $#Manuels d'enseignement $#Testi scolastici $#Libros de texto $#Schulbuch $#Schulbuch $#Lehrwerk Schulbuch $#Schullehrbuch $#Schülerlehrbuch $#Schulbücher $74053458-3 $8Schulbuch [Tsz] $9085148334 045F $a370.943809033 $eDDC23BSB 045F/01 $a370.9 045F/03 $f09033 045F/03 $f09034 045F/03 $f09041 045F/03 $g438 045R $aGeschichte 1795-1918 046L $aZusammenfassung in englischer Sprache lok: 54140016 24 exp: 54140016 24 1 #EPN 201B/01 $010-02-26 $t15:34:04.000 201C/01 $016-01-26 201U/01 $0utf8 203@/01 $01332283829 208@/01 $a10-02-26 $bz 209A/01 $a26.00345 $du $f050 $h26 00345 $x00 209C/01 $a26.00345 K $h26 00346 K 209G/01 $a75146086 $x00 220C/01 $ahae 247C/01 $8358050-7Marburg, Bibliothek des Herder-Instituts Marburg $9102600961
| LEADER | 00000cam a2200000 c 4500 | ||
|---|---|---|---|
| 001 | 541400169 | ||
| 003 | DE-603 | ||
| 005 | 20260210153651.0 | ||
| 007 | tu | ||
| 008 | 260116s2025 xx |||| | u00||u|pol c | ||
| 020 | |a 9788366777385 |c oprawa twarda | ||
| 020 | |a 8366777383 | ||
| 035 | |a (DE-599)KXP1948645610 | ||
| 035 | |a (OCoLC)1569030038 | ||
| 040 | |a DE-603 |b ger |c DE-603 |d DE-603 |e rda | ||
| 041 | |a pol | ||
| 082 | 0 | 4 | |8 1\u |a 370.943809033 |q DE-101 |2 23/BSB |
| 085 | |8 1\u |b 370.9 | ||
| 085 | |8 1\u |z 1 |s 09033 | ||
| 085 | |8 1\u |z 1 |s 09034 | ||
| 085 | |8 1\u |z 1 |s 09041 | ||
| 085 | |8 1\u |z 2 |s 438 | ||
| 100 | 1 | |a Walczak, Krzysztof |d 1950- |e Verfasser |4 aut |0 (DE-603)155450115 |0 (DE-588)124844502 |2 gnd | |
| 245 | 0 | 0 | |a Polskie podręczniki szkolne do nauki historii |b dzieje edycji w czasach zaborów 1795-1918 |c Krzysztof Walczak ; Uniwersytet Kaliski im. prezydenta Stanisława Wojciechowskiego. Instytut Interdyscyplinarnych Badań Historycznych |
| 246 | 1 | 3 | |a Dzieje edycji w czasach zaborów 1795-1918 |
| 264 | 1 | |a Kalisz |b Kaliskie Towarzystwo Przyjaciół Nauk |c 2025 | |
| 300 | |a 671, [1] Seiten |b Illustrationen |c 25 cm | ||
| 336 | |a Text |b txt |2 rdacontent | ||
| 337 | |a ohne Hilfsmittel zu benutzen |b n |2 rdamedia | ||
| 338 | |a Band |b nc |2 rdacarrier | ||
| 500 | |a Bibliografie auf Seiten 584-631 | ||
| 546 | |a Zusammenfassung in englischer Sprache | ||
| 648 | 7 | |a Geschichte 1795-1918 |2 gnd | |
| 650 | 7 | |a Unterrichtsfach |0 (DE-588)4062009-8 |0 (DE-603)085172464 |2 gnd | |
| 650 | 7 | |a Geschichte |0 (DE-588)4020517-4 |0 (DE-603)085049352 |2 gnd | |
| 650 | 7 | |a Lehrplan |0 (DE-588)4035117-8 |0 (DE-603)085094706 |2 gnd | |
| 650 | 7 | |a Schulbuch |0 (DE-588)4053458-3 |0 (DE-603)085148334 |2 gnd | |
| 651 | 7 | |a Polen |0 (DE-588)4046496-9 |0 (DE-603)085129801 |2 gnd | |
| 651 | 7 | |a Galizien |0 (DE-588)4019124-2 |0 (DE-603)085045411 |2 gnd | |
| 924 | 0 | |9 Mb 50 |a (DE-603)1332283829 |b DE-Mb50 |c HES |d c |g 26.00345 | |


